| 000 | 00781nam a2200241 a 4500 | ||
|---|---|---|---|
| 001 | 456 | ||
| 003 | BR-CuiBMT | ||
| 005 | 20231129134512.0 | ||
| 008 | 231107s2012 spb 000 0 por d | ||
| 040 |
_aBR-CuiBMT _cBR-CuiBMT |
||
| 080 |
_a343.2/.7 _22007 |
||
| 090 |
_a343.2/.7 _bB624t _c6. ed. |
||
| 100 | 1 | _aBitencourt, Cezar Roberto | |
| 245 | 1 | 0 |
_aTratado de direito penal / _cCezar Roberto Bitencourt. |
| 250 | _a6. ed., rev. e ampl. | ||
| 260 |
_aSão Paulo : _bSaraiva, _c2012. |
||
| 300 |
_a v. ; _c23 cm |
||
| 504 | _ainclui bibliografia. | ||
| 505 | 1 | _av. 5. Parte especial : dos crimes contra a administração pública e dos crimes praticados por prefeitos | |
| 650 |
_aDireito penal _zBrasil |
||
| 650 |
_aAdministração pública _vCrimes _zBrasil |
||
| 942 |
_2udc _cLV |
||
| 999 |
_c456 _d456 |
||